Sydney Airport (SYD) Destinations - Statistics

General Stats
  • This quiz has been taken 2,845 times
    1,873 since last reset
  • The average score is 51 of 107
Answer Stats
Hint Answer % Correct
Air New Zealand, Jetstar, LATAM Chile, Qantas, Virgin Australia Auckland
94%
Air China, China Eastern, Qantas Beijing
93%
Jetstar, Qantas, Virgin Australia Perth
93%
Jetstar, Qantas, Virgin Australia Melbourne
92%
American, Delta, Qantas, United Los Angeles
91%
British Airways, Qantas, Scoot, Singapore Air Singapore
91%
All Nippon Airways, Japan Airlines, Qantas Tokyo-Haneda
91%
Emirates Dubai
89%
Air New Zealand, Qantas, Virgin Australia Wellington
89%
Air India Delhi
88%
China Eastern, Qantas Shanghai-Pudong
88%
Jetstar, Link Airways, Qantas, Virgin Australia Brisbane
87%
AirAsia X, Malaysia Air, Malindo Air Kuala Lumpur
87%
Garuda Indonesia, Qantas Jakarta
86%
Cathay Pacific, Qantas Hong Kong
85%
British Airways, Qantas London-Heathrow
85%
Qantas, Thai Airways Bangkok-Suvarnabhumi
84%
Jetstar, Qantas, Virgin Australia Adelaide
83%
Asiana Air, Korean Air Seoul-Incheon
83%
Air Canada, Qantas Vancouver
82%
Etihad Abu Dhabi
79%
Cebu Pacific, Philippine Air, Qantas Manila
79%
Air New Zealand, Emirates, Qantas Christchurch
78%
Jetstar, Qantas, Virgin Australia Darwin
78%
Vietnam Airlines Hanoi
78%
Qantas, United San Francisco
78%
Jetstar , Vietnam Airlines Ho Chi Minh City
77%
Garuda Indonesia, Jetstar, Malindo Air, Qantas, Virgin Australia Denpasar
76%
Qantas, QantasLink, Virgin Australia Canberra
73%
Air Canada Toronto
73%
China Southern Guangzhou
72%
Jetstar, Qantas, QantasLink, Virgin Australia Gold Coast
71%
Hawaiian Airlines, Jetstar, Qantas Honolulu
71%
LATAM Chile, Qantas Santiago de Chile
71%
Qatar Airways Doha
69%
Qantas Osaka-Kansai
67%
Jetstar, Qantas, Virgin Australia Cairns
66%
Jetstar, Qantas, QantasLink, Virgin Australia Hobart
66%
China Airlines Taipei-Taoyuan
66%
Qantas Alice Springs
64%
Air Niugini Port Moresby
62%
Qantas Dallas/Fort Worth
60%
Fiji Airways Suva
60%
Sri Lankan Air Colombo
59%
Xiamenair Xiamen
59%
China Eastern Wuhan
56%
China Southern Shenzhen
55%
China Eastern Xi'an
54%
United Houston-Intercontinental
52%
Air China Chengdu
51%
Tianjin Air Tianjin
51%
Regional Express Air Newcastle
47%
Air Vanuatu Port Vila
45%
Jetstar, Virgin Australia Townsville
45%
Sichuan Air Chongqing
44%
Fiji Airways, Jetstar, Qantas, Virgin Australia Nadi
44%
Air New Zealand, Jetstar, Qantas, Virgin Australia Queenstown
44%
Qantas Johannesburg
42%
Jetstar, QantasLink, Virgin Australia Sunshine Coast
42%
Samoa Airways, Virgin Australia Apia
41%
Jetstar Phuket
38%
Jetstar, Virgin Australia Launceston
37%
Qantas Broome
35%
Aircalin, Qantas Noumea
35%
Solomon Airlines Honiara
33%
China Eastern Nanjing
33%
QantasLink, Regional Express Air Dubbo
31%
Regional Express Air Broken Hill
30%
QantasLink, Regional Express Air Orange
28%
QantasLink, Regional Express Air Wagga Wagga
28%
QantasLink, Regional Express Air Albury
26%
QantasLink, Virgin Australia Coffs Harbour
26%
Beijing Capital Air Qingdao
26%
China Eastern Kunming
24%
QantasLink Port Macquarie
24%
Qantas Sapporo
24%
Jetstar, QantasLink, Reginal Express Air, Virgin Australia Ballina
23%
Jetstar Ayers Rock
21%
Hainan Airlines Haikou
21%
Air New Zealand Norfolk Island
20%
QantasLink Tamworth
20%
Regional Express Air Bathurst
19%
QantasLink Mildura
19%
QantasLink, Regional Express Air Armidale
18%
QantasLink Bendigo
18%
Hainan Airlines Changsha
18%
Jetstar, Qantas, QantasLink, Virgin Australia Hamilton Island
18%
QantasLink Toowoomba Wellcamp
18%
Jetstar Avalon
17%
Tianjin Air Zhengzhou
17%
QantasLink Lord Howe Island
16%
Regional Express Air Griffith
15%
Sichuan Air Urumqi
14%
Regional Express Air Merimbula
12%
Regional Express Air Parkes
12%
Air New Zealand Rarotonga
12%
QantasLink Moree
11%
Regional Express Air Lismore
10%
FlyPelican Mudgee
10%
FlyPelican, Regional Express Air Taree
10%
FlyPelican Cobar
9%
Regional Express Air Cooma
9%
Regional Express Air Grafton
9%
Jetstar Proserpine
9%
Regional Express Air Moruya
8%
Regional Express Air Narrandera
6%
QantasLink West Wellcamp
2%
No matching quizzes found
Score Distribution
Percent of People with Each Score
Percentile by Number Answered
Your Score History
You have not taken this quiz since the last reset